Post independence India : (Record no. 168581)

MARC details
000 -LEADER
fixed length control field 00650nam a22001937a 4500
005 - DATE AND TIME OF LATEST TRANSACTION
control field 20191016113924.0
010 ## - LCCN (DPL NO)
LC control number ENG-126667
020 ## - INTERNATIONAL STANDARD BOOK NUMBER
International Standard Book Number 9789353162726
Terms of availability 195.00
035 ## - SYSTEM CONTROL NUMBER
System control number EN-110199
037 ## - SOURCE OF ACQUISITION
Source of stock number/acquisition DBAD/PUB
082 ## - DEWEY DECIMAL CLASSIFICATION NUMBER
Classification number 954.04
100 ## - MAIN ENTRY--PERSONAL NAME
Personal name Tripathi, Snehil
245 ## - TITLE STATEMENT
Title Post independence India :
Statement of responsibility, etc by Snehil Tripathi [and] Sonali Bansal
Remainder of title for civil services examination /
260 ## - PUBLICATION, DISTRIBUTION, ETC. (IMPRINT)
Place of publication, distribution, etc Chennai
Name of publisher, distributor, etc McGraw Hill Education
Date of publication, distribution, etc 2019
270 ## - ADDRESS
Address 444/1, Sri Ekambara Naicker Industrial Estate
City Alapakkam, Porur, Chenai
Postal code 600116
300 ## - PHYSICAL DESCRIPTION
Extent xiii;198p.
Dimensions 22cm(pbk)
700 ## - ADDED ENTRY--PERSONAL NAME
Personal name Bansal, Sonali
942 ## - ADDED ENTRY ELEMENTS (KOHA)
Source of classification or shelving scheme Dewey Decimal Classification
Item type English Books
Classification part 954.04
Call number suffix TRI
Holdings
Withdrawn status Lost status Not for loan Collection code Home library Current library Date acquired Source of acquisition Cost, normal purchase price Full call number Barcode Copy number Cost, replacement price Koha item type
      Non-fiction Sarojini Nagar Sarojini Nagar 16/10/2019 DBAD/PUB 195.00 954.04 TRI EN-110199 1 195.00 English Books

© Delhi Public Library
Hit Counter
free hit counter